=LDR 00000nam 2200000 4500 =001 INLIS000000000005111 =005 20130612093352 =008 ***********************************Ind** =035 ##$$0010-061300000005111 =041 ##$$a Ind =082 ##$$a 634.31 =090 ##$$a 634.31, Sar j =100 ##$$a SARWONO, B =245 ##$$a Jeruk dan kerabatnya, B. Sarwono =260 ##$$a 1991 $b Jakarta =300 ##$$a 194 hlm, ilus, 21 cm =650 ##$$a Jeruk =850 ##$$a NBPNMAT =990 ##$$a 0001/BPAP-NTB/20142014 =990 ##$$a 2090101460/BPAP-NTB/2015